[Event "GER-chT U20"]
[Site "Osnabrueck"]
[Date "2010.12.28"]
[Round "4.4"]
[White "Hentze, Markus"]
[Black "Kremser, Michael"]
[Result "0-1"]
[WhiteElo "1997"]
[BlackElo "1911"]
[PlyCount "82"]
[EventDate "2010.12.27"]
[EventType "team-swiss"]
[EventRounds "7"]
[EventCountry "GER"]
[SourceTitle "CBM 140 Extra"]
[Source "ChessBase"]
[SourceDate "2011.03.01"]
[SourceVersion "1"]
[SourceVersionDate "2011.03.01"]
[SourceQuality "1"]
[WhiteTeam "Leipzig Gohlis"]
[BlackTeam "Koeln Porz"]
[WhiteTeamCountry "GER"]
[BlackTeamCountry "GER"]

1. e4 c5 2. Nf3 e6 3. d3 Nc6 4. g3 d5 5. Nbd2 Nf6 6. Bg2 Be7 7. 0-0 0-0 8. c3 b5 9. Qe2 a5 10. Rd1 Qb6 11. h4 Ba6 12. Nh2 Rfd8 13. e5 Nd7 14. f4 b4 15. Kh1 a4 16. a3 bxc3 17. bxc3 Qa5 18. c4 Nd4 19. Qf2 Qc3 20. Rb1 Qxd3 21. Bb2 Nf5 22. Nhf1 Bxc4 23. Bf3 Rab8 24. Ne4 Qb3 25. Nfd2 Qb5 26. Nc3 Qa6 27. Bg4 Bd3 28. Kh2 Bxb1 29. Ndxb1 Ne3 30. Qxe3 Rxb2+ 31. Nd2 d4 32. Qe2 Qxe2+ 33. Nxe2 Nb6 34. Kh3 d3 35. Nc3 c4 36. f5 exf5 37. Bxf5 g6 38. Be4 Bxa3 39. Bc6 Bb4 40. Nde4 Bxc3 41. Nxc3 a3 0-1

[Event "GER-chT U16"]
[Site "Verden an der Aller"]
[Date "2009.12.28"]
[Round "4.1"]
[White "Kremser, Michael"]
[Black "Schulz, Anja2"]
[Result "0-1"]
[WhiteElo "1910"]
[BlackElo "1996"]
[PlyCount "32"]
[EventDate "2009.12.27"]
[EventType "team-swiss"]
[EventRounds "7"]
[EventCountry "GER"]
[SourceTitle "EXT 2022"]
[Source "ChessBase"]
[SourceDate "2021.10.06"]
[SourceVersion "1"]
[SourceVersionDate "2021.10.06"]
[SourceQuality "1"]
[WhiteTeam "Porz SG U16"]
[BlackTeam "Wilkau Hasslau Muldental U16"]
[WhiteTeamCountry "GER"]
[BlackTeamCountry "GER"]

1. d4 Nf6 2. c4 g6 3. Nc3 Bg7 4. e4 d6 5. f3 0-0 6. Be3 Na6 7. Qd2 Nd7 8. Bd3 c5 9. Nge2 e6 10. h4 h5 11. 0-0-0 Qc7 12. Kb1 Rb8 13. Rdg1 b5 14. Nf4 bxc4 15. Be2 Qb7 16. dxc5 Naxc5 0-1

[Event "NRW-ch U16"]
[Site "Kranenburg"]
[Date "2009.04.15"]
[Round "4"]
[White "Kremser, Michael"]
[Black "Butschek, Marc"]
[Result "0-1"]
[WhiteElo "1741"]
[BlackElo "1728"]
[PlyCount "86"]
[EventDate "2009.04.13"]
[EventType "swiss"]
[EventRounds "7"]
[EventCountry "GER"]
[SourceTitle "EXT 2010"]
[Source "ChessBase"]
[SourceDate "2010.11.25"]
[SourceVersion "1"]
[SourceVersionDate "2010.11.25"]
[SourceQuality "1"]

1. d4 b6 2. c4 e6 3. Nc3 Bb7 4. Nf3 Nf6 5. e3 d5 6. Bd3 c5 7. 0-0 Bd6 8. b3 0-0 9. Bb2 a6 10. Rc1 Qc7 11. cxd5 exd5 12. Qc2 Nc6 13. a3 Na5 14. dxc5 bxc5 15. Na4 d4 16. exd4 Bxf3 17. gxf3 Bxh2+ 18. Kg2 Bf4 19. Rh1 Bxc1 20. Bxh7+ Kh8 21. Bd3+ Bh6 22. dxc5 Ng8 23. Qd2 f6 24. b4 Nc6 25. Nb6 Rad8 26. Qc2 Nd4 27. Qc4 Qf4 28. Be4 Qg5+ 29. Kf1 Nb5 30. Nd5 Qd2 31. Bc1 Qd4 32. Qb3 f5 33. Ne7 fxe4 34. Bb2 Qd1+ 35. Qxd1 Rxd1+ 36. Kg2 exf3+ 37. Kg3 Nxe7 38. Rxh6+ Kg8 39. Rxa6 Rg1+ 40. Kh3 Kf7 41. Rh6 gxh6 42. a4 Rfg8 43. Kh2 R8g2+ 0-1

[Event "GER-chT U16"]
[Site "Bingen"]
[Date "2008.12.30"]
[Round "7.1"]
[White "Kopp, Nico"]
[Black "Kremser, Michael"]
[Result "1-0"]
[WhiteElo "1938"]
[BlackElo "1818"]
[PlyCount "95"]
[EventDate "2008.12.27"]
[EventType "team-swiss"]
[EventRounds "7"]
[EventCountry "GER"]
[SourceTitle "EXT 2010"]
[Source "ChessBase"]
[SourceDate "2010.11.25"]
[SourceVersion "1"]
[SourceVersionDate "2010.11.25"]
[SourceQuality "1"]
[WhiteTeam "Landau U16"]
[BlackTeam "Porz SG U16"]
[WhiteTeamCountry "GER"]
[BlackTeamCountry "GER"]

1. e4 c5 2. c3 d5 3. exd5 Qxd5 4. d4 Nf6 5. Nf3 Bg4 6. dxc5 Qxd1+ 7. Kxd1 e5 8. b4 e4 9. h3 Bh5 10. g4 exf3 11. gxh5 Nc6 12. Bb5 0-0-0+ 13. Kc2 Nxh5 14. Bxc6 bxc6 15. Nd2 Rd5 16. Nb3 g6 17. Nd4 Kb7 18. Be3 Bg7 19. Nxf3 Rhd8 20. Bd4 Rf5 21. Bxg7 Nxg7 22. Nd4 Rxf2+ 23. Kb3 Nf5 24. Rad1 Nxd4+ 25. cxd4 Kc7 26. Rhf1 Rxf1 27. Rxf1 f5 28. Kc4 Re8 29. b5 Re4 30. bxc6 Kxc6 31. Rf3 f4 32. Ra3 Kb7 33. Rb3+ Kc7 34. h4 h6 35. Rf3 g5 36. hxg5 hxg5 37. Kd3 Re6 38. d5 Ra6 39. Kc4 Rxa2 40. Rh3 g4 41. Rh7+ Kd8 42. d6 f3 43. c6 Rc2+ 44. Kb5 Rb2+ 45. Ka4 Re2 46. Rh8+ Re8 47. c7+ Kd7 48. Rxe8 1-0

[Event "GER-chT U16"]
[Site "Bingen"]
[Date "2008.12.28"]
[Round "3.1"]
[White "Meng, Pascal"]
[Black "Kremser, Michael"]
[Result "1/2-1/2"]
[WhiteElo "1595"]
[BlackElo "1818"]
[PlyCount "65"]
[EventDate "2008.12.27"]
[EventType "team-swiss"]
[EventRounds "7"]
[EventCountry "GER"]
[SourceTitle "EXT 2010"]
[Source "ChessBase"]
[SourceDate "2010.11.25"]
[SourceVersion "1"]
[SourceVersionDate "2010.11.25"]
[SourceQuality "1"]
[WhiteTeam "Gau Algesheim U16"]
[BlackTeam "Porz SG U16"]
[WhiteTeamCountry "GER"]
[BlackTeamCountry "GER"]

1. d4 Nf6 2. Nf3 d5 3. Bf4 e6 4. e3 Bd6 5. Bg3 0-0 6. Bd3 b6 7. Nbd2 Bb7 8. Ne5 c5 9. c3 Ne4 10. f4 f6 11. Nef3 Nd7 12. Qc2 f5 13. Ne5 Rc8 14. Qd1 Ndf6 15. Bxe4 Nxe4 16. Nxe4 fxe4 17. Qg4 Rf5 18. 0-0 Ba6 19. Rfc1 Qc7 20. h4 Bxe5 21. fxe5 Qf7 22. Bf4 Bd3 23. Qh3 h5 24. Qg3 Kh7 25. Qe1 Qg6 26. Qg3 Qxg3 27. Bxg3 g5 28. hxg5 Rxg5 29. Bf4 Rg4 30. Kh2 Rcg8 31. g3 Kg6 32. Rh1 h4 33. gxh4 1/2-1/2